|
|
|
|
| LEADER |
00000ny a22000003n 4500 |
| 005 |
20110516104256.0 |
| 008 |
070419c20079999at qx p s 0 0eng c |
| 022 |
|
|
|a 1834-4232
|
| 035 |
|
|
|a 5155
|
| 040 |
|
|
|a MnMULS
|d vLex
|
| 050 |
1 |
4 |
|a HG1503
|b .B43
|
| 050 |
1 |
4 |
|a HG1503
|b .B43
|
| 090 |
|
|
|c 1927
|d 1927
|
| 245 |
3 |
0 |
|a InFinance
|h [Recurso electrn̤ico]
|b the magazine for Finsia members
|
| 246 |
3 |
|
|a In Finance
|
| 256 |
|
|
|a Servicio en ln̕ea
|
| 260 |
|
|
|a Sydney, Australia :
|b Financial Services Institute of Australasia,
|
| 310 |
|
|
|a Five issues a year
|
| 506 |
1 |
|
|a Contenido solo disponible en los productos indicados
|d vLex Global
|d vLex Global (Academic Edition, excluding Law Schools)
|d vLex Global (U.S. Academic Edition, excluding Law Schools)
|
| 710 |
2 |
|
|a Financial Services Institute of Australasia
|
| 740 |
|
|
|a vLex Revista (Servicios en ln̕ea)
|
| 780 |
0 |
0 |
|t InFinsia
|x 1833-1602
|
| 843 |
|
|
|a Electrn̤ica. Abierta
|
| 853 |
|
|
|8 1
|i (year)
|j (month)
|k (day)
|
| 856 |
4 |
0 |
|z Acceso restringido
|u http://vlex.com/account/login_ip?fuente_id=5155
|
| 942 |
|
|
|c REV
|
| 999 |
|
0 |
|a Banks and banking
|z Australia
|v Periodicals
|
| 999 |
|
0 |
|a Banks and banking
|z New Zealand
|v Periodicals
|
| 999 |
|
0 |
|a Financial services industry
|z Australia
|v Periodicals
|
| 999 |
|
0 |
|a Financial services industry
|z New Zealand
|v Periodicals
|